Learning Analytics: (Record no. 210500)

MARC details
000 -LEADER
fixed length control field 00657nam a22001937a 4500
005 - DATE AND TIME OF LATEST TRANSACTION
control field 20250325163615.0
010 ## - LCCN (DPL NO)
LC control number ENG-144208
020 ## - INTERNATIONAL STANDARD BOOK NUMBER
Terms of availability 495.00
International Standard Book Number 9789391978839
035 ## - SYSTEM CONTROL NUMBER
System control number EN-127740
037 ## - SOURCE OF ACQUISITION
Source of stock number/acquisition DBAD
082 ## - DEWEY DECIMAL CLASSIFICATION NUMBER
Classification number 005.74
Edition number 1
100 ## - MAIN ENTRY--PERSONAL NAME
Personal name Yadav, Deepti
245 ## - TITLE STATEMENT
Title Learning Analytics:
Remainder of title What ,Why and How -A Study/
Statement of responsibility, etc Deepti Yadav
250 ## - EDITION STATEMENT
Edition statement 1
260 ## - PUBLICATION, DISTRIBUTION, ETC. (IMPRINT)
Place of publication, distribution, etc Delhi
Name of publisher, distributor, etc Shipra Publications
Date of publication, distribution, etc 2025
270 ## - ADDRESS
Address LG 18-19, Pankaj Central Market, I. P. Ext. Patparganj,
City Delhi
Postal code 110092
Telephone number 91-11-22235152, 22236152
-- 9650028065
Electronic mail address www.shiprapublications.com
300 ## - PHYSICAL DESCRIPTION
Extent vii,189p.
Dimensions 23cm(pb)
942 ## - ADDED ENTRY ELEMENTS (KOHA)
Source of classification or shelving scheme Dewey Decimal Classification
Item type English Books
Call number suffix YAD
Classification part 005.74
Edition 1
Holdings
Withdrawn status Lost status Not for loan Collection code Home library Current library Date acquired Source of acquisition Cost, normal purchase price Full call number Barcode Copy number Cost, replacement price Koha item type
      Non-fiction Patel Nagar Patel Nagar 25/03/2025 DBAD 495.00 005.74 YAD EN-127740 1 495.00 English Books

© Delhi Public Library
Hit Counter
free hit counter